It looks like you're offline.
Open Library logo
additional options menu

MARC Record from Scriblio

Record ID marc_records_scriblio_net/part23.dat:211819170:588
Source Scriblio
Download Link /show-records/marc_records_scriblio_net/part23.dat:211819170:588?format=raw

LEADER: 00588cam 2200217 a 4500
001 93220617 //r98
003 DLC
005 19980810113213.0
008 931020s1991 sp 000 0 spa d
010 $a 93220617 //r98
020 $a848709578X
035 $a(OCoLC)26732837
040 $aMiU$cMiU$dDLC
042 $alccopycat
050 00 $aMLCS 93/04867 (P)
100 1 $aPrado, Benjamín,$d1961-
245 13 $aEl corazón azul del alumbrado /$cBenjamín Prado.
250 $a1. ed.
260 $aMadrid :$bLibertarias,$c1991.
300 $a57 p. ;$c20 cm.
440 0 $aLibros del egoísta ;$v11